00814cam a22002411 4500001001300000003000400013005001700017008004100034010001700075035002000092040004600112042001200158050002100170110004100191245002900232260004900261300002200310490002600332490004600358610004100404830004500445830008200490sd 48000054 DLC20260227112735.0921017s1948 dcu f000 0 eng c asd 48000054  a(OCoLC)26799710 aU.S. Dept. of State. LibrarycDSdDSdDLC apremarc00aJX1706b.A3 19481 aUnited States.bDepartment of State.04aThe Department of State. a[Washington,bU.S. Govt. Print. Off.,c1948] a6 p.c21 x 10 cm.1 aIts Publicationv32231 aDepartment and Foreign service series,v310aUnited States.bDepartment of State. 0aDepartment of State publication ;v3223. 0aDepartment of State publication.pDepartment and Foreign Service series ;v3.